[Event "AUT-ch U08 Girls Online Blitz"]
[Site "Playchess.com INT"]
[Date "2020.12.11"]
[Round "6"]
[White "Buden, Dorotea"]
[Black "Neubauer, Clara"]
[Result "0-1"]
[WhiteElo "1136"]
[BlackElo "1563"]
[PlyCount "64"]
[EventDate "2020.12.11"]
[EventType "tourn (blitz)"]
[EventRounds "6"]
[EventCountry "AUT"]
[SourceTitle "EXT 2022"]
[Source "ChessBase"]
[SourceDate "2021.10.06"]
[SourceVersion "1"]
[SourceVersionDate "2021.10.06"]
[SourceQuality "1"]

1. d4 d5 2. e3 Bf5 3. Nc3 e6 4. Bb5+ c6 5. Ba4 Nf6 6. Bd2 Bg4 7. f3 Bh5 8. Nge2 Bb4 9. a3 Ba5 10. Qb1 0-0 11. Qa2 h6 12. 0-0 Re8 13. b4 Bb6 14. b5 cxb5 15. Nxb5 a6 16. Nc7 Qxc7 17. Bb4 Rd8 18. Nf4 Bxf3 19. Rxf3 Ne4 20. c3 Ba5 21. Rg3 Bxb4 22. cxb4 Nxg3 23. hxg3 Rd6 24. b5 axb5 25. Bxb5 Qa5 26. Rb1 Rb6 27. Be8 Rxb1+ 28. Qxb1 Qd2 29. Qh7+ Kf8 30. Qh8+ Ke7 31. Ng6+ fxg6 32. Qxg7+ Kxe8 0-1

[Event "AUT-ch U08 Girls Online Blitz"]
[Site "Playchess.com INT"]
[Date "2020.12.11"]
[Round "4"]
[White "Geworgyan, Daniela"]
[Black "Buden, Dorotea"]
[Result "1-0"]
[WhiteElo "1620"]
[BlackElo "1155"]
[PlyCount "49"]
[EventDate "2020.12.11"]
[EventType "tourn (blitz)"]
[EventRounds "6"]
[EventCountry "AUT"]
[SourceTitle "EXT 2022"]
[Source "ChessBase"]
[SourceDate "2021.10.06"]
[SourceVersion "1"]
[SourceVersionDate "2021.10.06"]
[SourceQuality "1"]

1. e4 e5 2. Nf3 Nc6 3. Bc4 Nf6 4. Ng5 h6 5. Nxf7 Na5 6. Nxd8 Kxd8 7. Bf7 d5 8. Bxd5 Bg4 9. f3 Bh5 10. Qe2 Bc5 11. Qd3 Bxf3 12. Be6+ Ke7 13. Qxf3 Kxe6 14. Qf5+ Kf7 15. Qxe5 Rhe8 16. Qxc5 Rxe4+ 17. Kd1 Nc4 18. Qxc7+ Kf8 19. Qc5+ Kf7 20. d3 Kg8 21. dxe4 Rc8 22. Qxc8+ Kh7 23. Qxc4 Nh5 24. Qe6 Kh8 25. Ke2 1-0

[Event "AUT-ch U08 Girls Online Blitz"]
[Site "Playchess.com INT"]
[Date "2020.12.11"]
[Round "3"]
[White "Neubauer, Clara"]
[Black "Buden, Dorotea"]
[Result "1-0"]
[WhiteElo "1535"]
[BlackElo "1167"]
[PlyCount "47"]
[EventDate "2020.12.11"]
[EventType "tourn (blitz)"]
[EventRounds "6"]
[EventCountry "AUT"]
[SourceTitle "EXT 2022"]
[Source "ChessBase"]
[SourceDate "2021.10.06"]
[SourceVersion "1"]
[SourceVersionDate "2021.10.06"]
[SourceQuality "1"]

1. e4 e5 2. Nc3 Nc6 3. Bc4 Nf6 4. Nf3 Bb4 5. a3 0-0 6. axb4 Nxb4 7. d3 c5 8. Nxe5 d6 9. Nf3 Bg4 10. 0-0 Bxf3 11. Qxf3 Qe8 12. h3 Nxc2 13. Ra2 b5 14. Bb3 Nd4 15. Qd1 Qe5 16. Re1 Nxb3 17. Qxb3 c4 18. dxc4 bxc4 19. Qxc4 Rac8 20. Qa6 Rxc3 21. bxc3 Qxc3 22. Re3 Qe1+ 23. Rxe1 Ng4 24. Qxa7 1-0